000 01081nam a2200325 i 4500
001 066025
003 DO-SdBNP
005 20250313111220.0
007 066025
008 900222r1989 sp spa
015 _a
017 _a
_b
020 _a8470994851
040 _aDO-SdBPM
_bspa
_cBPMSU
_e
082 4 _a868.13
_bJ91L 1989
_222
100 1 _aJuan Manuel,
_d1282-1347.
_cInfante de Castilla,
245 1 0 _aLibro del Conde Lucanor /
_c Don Juan Manuel ; con cuadros cronológicos, introducción, bibliografía, selección del texto, notas y llamadas de atención, documentos y orientaciones para el estudio a cargo de Fernando Gómez Redondo.
_h
250 _a
260 _aMadrid :
_bEditorial Castalia,
_c1989
300 _a282 p. ;
_c20 cm
490 0 _aCastalia didáctica,
_v17
500 _a
504 _a
590 _aInventariado, 2023/VM
650 4 _aLiteratura española
_vColecciones de escritos
_2
700 1 _aGómez Redondo, Fernando,
_d1957-
_e
700 1 _a
910 _aVMateo V. Control de calidad. BPMSU
942 _2ddc
_cBK
999 _c9210
_d9210